Globalización y reestructuración territorial /
El libro presenta una compilación de trabajos realizados producto del XX Encuentro RNIU, siendo el 2do Congreso sobre Investigación Urbana y Regional: Balance y Perspectivas, llevado a cabo el 29 de setiembre al 3 de octubre de 1997, en la Universidad Autónoma de Tlaxcala. En estos trabajos se trata...
Αποθηκεύτηκε σε:
| Κύριος συγγραφέας: | |
|---|---|
| Άλλοι συγγραφείς: | |
| Μορφή: | Κείμενο |
| Γλώσσα: | Spanish |
| Έκδοση: |
México, D.F.:
Red de Investigación Urbana
1999
|
| Θέματα: | |
| Ετικέτες: |
Προσθήκη ετικέτας
Δεν υπάρχουν, Καταχωρήστε ετικέτα πρώτοι!
|
MARC
| LEADER | 00000 a a2200000 04500 | ||
|---|---|---|---|
| 001 | 33969 | ||
| 003 | cru CIDCACS/IIS | ||
| 005 | 20230705111447.0 | ||
| 008 | 230320b1999 mx ||||| |||| 00| 0 spa d | ||
| 020 | |a 968-6934-07-3 | ||
| 040 | |c CRAI IIS |d CRAI IIS | ||
| 090 | |a 01.02.01 P298g | ||
| 100 | |a Patiño Tovar, Elsa | ||
| 245 | |a Globalización y reestructuración territorial / |c Elsa Patiño Tovar | ||
| 260 | |a México, D.F.: |b Red de Investigación Urbana |c 1999 | ||
| 300 | |a 259 p. | ||
| 520 | |a El libro presenta una compilación de trabajos realizados producto del XX Encuentro RNIU, siendo el 2do Congreso sobre Investigación Urbana y Regional: Balance y Perspectivas, llevado a cabo el 29 de setiembre al 3 de octubre de 1997, en la Universidad Autónoma de Tlaxcala. En estos trabajos se tratan temas introductorios de la globalización, los procesos de desterritorialización y una homogenización. | ||
| 650 | |a GLOBALIZACION | ||
| 650 | |a REESTRUCTURAMIENTO INDUSTRIAL | ||
| 650 | |a INVESTIGACION | ||
| 700 | |a comp. |a Castillo Palma, Jaime |a comp. | ||
| 942 | |2 ddc |c LI | ||
| 999 | |c 2922 |d 2922 | ||



